000 00674nam a2200229 i 4500
001 14755
003 ES-MaACL
005 20230906150900.0
007 t|
008 990601s1967 sp ||||1| spa d
080 _a821.134.2-22"19"
100 1 _aMendizábal, Federico de.
_980208
245 1 3 _aLa audacia, vence al audaz ; ... Y la luna, bajo el bosque /
_cFederico de Mendizábal.
250 _a6ª ed.
260 _aMadrid :
_bGesta,
_c[1967]
300 _a118 p. ;
_c17 cm.
490 1 _aColección escena
740 0 _a...Y la luna, bajo el bosque.
830 0 _aColección escena
_9178507
852 _aES-MaACL
_jL-21965
_bR.118120
999 _c14755
_d14755